000
00272nam a2200121Ia 4500
008
190216s9999||||xx |||||||||||||| ||und||
100
_a
Mathew M S
245
0
_a
Subsidiary Physics
260
_b
A M Publications
_c
2008
300
_a
240
650
_a
Physics
942
_c
BK
999
_c
34511
_d
34511